| 000 | 00659cam a2200229ua 4500 | ||
|---|---|---|---|
| 001 | 11871 | ||
| 005 | 20260515114817.0 | ||
| 008 | 191114n ii |||gr||||Z||||||eng | ||
| 040 | _cMAIN | ||
| 041 | _aeng | ||
| 082 | _a891.4512 | ||
| 100 |
_aNarayan Chandra Goswami, _eEditor. |
||
| 245 |
_aSachitra ankawali _cEdited by Narayan Chandra Goswami |
||
| 250 |
_a1st ed. / _bV. 1 & 2. |
||
| 260 |
_aMajuli: _bNarayan Chandra Goswami, _c2013. |
||
| 300 | _a71p. | ||
| 653 | _aIllustrated manuscript of Ankia Nats | ||
| 653 | _aArjuna Bhanjana or Dadhi Mathan Naat | ||
| 653 | _aChordhora Naat | ||
| 653 | _aAnkia nat of Mahapurus Madhabdev | ||
| 942 | _cBK | ||
| 999 |
_c10650 _d10650 |
||